000 00287nam a22001337a 4500
008 171020b xxu||||| |||| 00| 0 eng d
020 _a9780135128442
041 _aeng
080 _a338
100 _a54
101 _aMNG
245 _aENTREPRENEURSHIP
_cMARIOTTI, S
942 _2udc
_cBK
999 _c35217
_d35217